Математическое моделирование воздействия разрывов на распространение лесных пожаров; Неразрушающий контроль; Т. 3

מידע ביבליוגרפי
Parent link:Неразрушающий контроль: сборник трудов VI Всероссийской научно-практической конференции "Неразрушающий контроль: электронное приборостроение, технологии, безопасность", Томск, 23-27 мая 2016 г./ Национальный исследовательский Томский политехнический университет (ТПУ).— , 2016
Т. 3.— [С. 109-113]
מחבר ראשי: Зубарева А. Е.
מחבר תאגידי: Национальный исследовательский Томский политехнический университет (ТПУ) Институт неразрушающего контроля (ИНК) Кафедра экологии и безопасности жизнедеятельности (ЭБЖ)
מחברים אחרים: Перминов В. А. Валерий Афанасьевич (научный руководитель)
סיכום:Заглавие с экрана
שפה:רוסית
יצא לאור:
סדרה:Экология и техносферная безопасность
נושאים:
גישה מקוונת:http://earchive.tpu.ru/handle/11683/32773
פורמט: MixedMaterials אלקטרוני Book Chapter
KOHA link:https://koha.lib.tpu.ru/cgi-bin/koha/opac-detail.pl?biblionumber=620699

MARC

LEADER 00000naa2a2200000 4500
001 620699
005 20231101133126.0
035 |a (RuTPU)RU\TPU\conf\19221 
035 |a RU\TPU\conf\19220 
090 |a 620699 
100 |a 20161012d2016 k y0rusy50 ca 
101 0 |a rus 
102 |a RU 
105 |a y z 100zy 
135 |a drcn ---uucaa 
181 0 |a i  
182 0 |a b 
200 1 |a Математическое моделирование воздействия разрывов на распространение лесных пожаров  |f А. Е. Зубарева  |g науч. рук. В. А. Перминов 
203 |a Текст  |c электронный 
225 1 |a Экология и техносферная безопасность 
230 |a 1 компьютерный файл (pdf; 950 Kb) 
300 |a Заглавие с экрана 
320 |a [Библиогр.: с. 113 (2 назв.)] 
461 1 |0 (RuTPU)RU\TPU\conf\19000  |t Неразрушающий контроль  |o сборник трудов VI Всероссийской научно-практической конференции "Неразрушающий контроль: электронное приборостроение, технологии, безопасность", Томск, 23-27 мая 2016 г.  |o в 3 т.  |f Национальный исследовательский Томский политехнический университет (ТПУ)  |d 2016 
463 1 |0 (RuTPU)RU\TPU\conf\19003  |t Т. 3  |v [С. 109-113] 
610 1 |a труды учёных ТПУ 
610 1 |a электронный ресурс 
610 1 |a математическое моделирование 
610 1 |a взрывы 
610 1 |a лесные пожары 
610 1 |a противопожарные разрывы 
610 1 |a верховые пожары 
700 1 |a Зубарева  |b А. Е. 
702 1 |a Перминов  |b В. А.  |c специалист в области экологии и безопасности жизнедеятельности  |c профессор Томского политехнического университета, доктор физико-математических наук  |f 1958-  |g Валерий Афанасьевич  |2 stltpush  |4 727 
712 0 2 |a Национальный исследовательский Томский политехнический университет (ТПУ)  |b Институт неразрушающего контроля (ИНК)  |b Кафедра экологии и безопасности жизнедеятельности (ЭБЖ)  |h 4850  |2 stltpush  |3 (RuTPU)RU\TPU\col\18720 
801 2 |a RU  |b 63413507  |c 20161020  |g RCR 
856 4 |u http://earchive.tpu.ru/handle/11683/32773 
942 |c BK